00725 2200253 4500001002100000005001500021035002000036007000300056008004100059020001800100082001100118084001800129100001900147245011300166250001000279260004300289300002800332650002400360700001800384700002400402700002300426990001100449990001100460INLIS00000000000355020190625023223 a0010-0619000094ta190625 g 0 ind  a979-8452-11-9 a297.13 a297.13 KHA t0 aKHAMAMI, Zadah1 aTafsir Surat Yasin /cKhamami Zadah; penerjemah, Dahril Kamal, Diya' Uddin Luqoni; editor, Nur Khalik Ridwan acet.1 aYogyakarta :bPustaka Pesantren,c2016 avii, 170 hlm. ;c21 cm. 4aISLAM. TAFSIR YASIN0 aDAHRIL, Kamal0 aDIYA', Uddin Luqoni0 aNUR, Khalik Ridwan a6826 a a6826 b